برہمچا ری (Record no. 3164)

MARC details
000 -LEADER
fixed length control field 00901 a2200241 4500
005 - DATE AND TIME OF LATEST TRANSACTION
control field 2008110604014.0
008 - FIXED-LENGTH DATA ELEMENTS--GENERAL INFORMATION
fixed length control field 081106t xxu||||| |||| 00| 0 ur d
010 ## - LCCN (DPL NO)
LC control number UR-7319
020 ## - INTERNATIONAL STANDARD BOOK NUMBER
Terms of availability 350۔00
International Standard Book Number 8189369-30‌‌-‌‌X
035 ## - SYSTEM CONTROL NUMBER
System control number U-5874
037 ## - SOURCE OF ACQUISITION
Source of stock number/acquisition D.B.Act / Pub
082 ## - DEWEY DECIMAL CLASSIFICATION NUMBER
Classification number ن
100 ## - MAIN ENTRY--PERSONAL NAME
Personal name صديقی انوار
245 ## - TITLE STATEMENT
Title برہمچا ری
Statement of responsibility, etc انوار صديقی
Remainder of title ايک پر اسرار اور طلسما تی آپ بيتی
246 ## - VARYING FORM OF TITLE
Title proper/short title Barhamchri
Remainder of title by Anwar Siddiqui
260 ## - PUBLICATION, DISTRIBUTION, ETC. (IMPRINT)
Place of publication, distribution, etc دھلی‎
Name of publisher, distributor, etc کتا ب والا
Date of publication, distribution, etc 2007
270 ## - ADDRESS
Address 2794،Gali Jhot wali Pahari Bhojla,
City دھلی
Postal code 110006
Telephone number 23281499
300 ## - PHYSICAL DESCRIPTION
Extent 328p
Other physical details 22cm (pbk)
650 ## - SUBJECT ADDED ENTRY--TOPICAL TERM
Topical term or geographic name as entry element ناول
650 ## - SUBJECT ADDED ENTRY--TOPICAL TERM
Topical term or geographic name as entry element Novel
942 ## - ADDED ENTRY ELEMENTS (KOHA)
Institution code [OBSOLETE] dpl
Item type Urdu Bks
Call number prefix /
Source of classification or shelving scheme Dewey Decimal Classification
Classification part ن
Call number suffix ص د ی
Holdings
Withdrawn status Lost status Source of classification or shelving scheme Damaged status Not for loan Collection code Home library Current library Date acquired Cost, normal purchase price Total Checkouts Full call number Barcode Date last seen Copy number Cost, replacement price Koha item type
    Dewey Decimal Classification   Not For Loan Non-fiction D.B.Act.Division D.B.Act.Division 06/11/2008 350.00   ن ص د ی U-5874 15/09/2008 1 350.00 Urdu Bks

© Delhi Public Library
Hit Counter
free hit counter